Guess the 5 Seconds of Summer song with no hints #10 5SOS - Statistics

General Stats
  • This quiz has been taken 74 times
  • The average score is 215 of 343
Answer Stats
Answer % Correct
a
96%
A
96%
I
96%
me
87%
my
85%
My
85%
love
83%
and
81%
the
81%
The
81%
be
79%
to
79%
we
79%
in
77%
It
77%
it,
77%
it
77%
she
77%
When
77%
look
75%
on
75%
go
74%
so
74%
was
72%
for
68%
her
68%
I'm
68%
out
68%
out,
68%
out)
68%
all
66%
at
66%
can't
66%
ever
66%
That
66%
were
66%
about
64%
about)
64%
back
64%
she's
64%
She's
64%
Woo!
64%
lights
62%
(Lights
62%
affair
60%
English
60%
head
60%
of
60%
think
60%
(Think
60%
way
60%
away
58%
May
58%
started
58%
Every
57%
forget
57%
knew
57%
know
57%
lookin'
57%
there
57%
weekend
57%
had
55%
needed
55%
With
55%
Before
53%
intervention
53%
looking
53%
next
53%
Next
53%
picture
53%
take
53%
attention,
51%
Felt
51%
Oh-oh,
51%
oh-oh,
51%
oh-oh
51%
Ooh-ooh,
51%
ooh-ooh,
51%
ooh-ooh
51%
single
51%
somebody
51%
thing
51%
looked
49%
bed
47%
car
47%
feeling
47%
miles
47%
place
47%
ridiculous
47%
seat
47%
step
47%
brain,
45%
burnin'
45%
could
45%
good
45%
thousand
45%
waiting
45%
bar
43%
connection
43%
got
43%
kissin'
43%
now
43%
serious
43%
seven
43%
Today,
43%
would
42%
begging
40%
playin'
40%
rain
40%
up
40%
getting
38%
movie
38%
complexion,
36%
memory
36%
naked,
36%
great
34%
Means
34%
nobody
34%
their
34%
wasn't
34%
believin'
32%
Dragged
32%
Drinkin'
32%
falling
32%
king-size
32%
Mayfair,
32%
Princess
32%
stairs
32%
base
30%
powder
30%
third
30%
white
30%
ending
28%
hideaway
28%
faces
26%
storyline
26%
No matching quizzes found
Score Distribution
Percent of People with Each Score
Percentile by Number Answered
Your Score History
You have not taken this quiz